000 00951nam2a22002651 4500
001 RU\NLR\INFOCOMM15\5000233859
005 20250617115145.0
035 _a(NLR Aleph) 002583657
090 _a3298288
_c3298288
100 _a20041020d1970 |||y0rusy50 ca
101 0 _arus
_aeng
102 _aRU
105 _ay ||||000|y
200 1 _aВлияние образования резононов на механизм ядерной реакции
_fА.С. Ильинов, В.Д. Тонеев
_gЛаб. теорет. физики
210 _d1970
_aБ. м.
461 0 _1001RU\NLR\INFOCOMM15\1000176112
_12001#$aИздания$fОбъедин. ин-т ядерных исследований$vР2-5546
700 1 _aИльинов
_bА.С.
_4070
701 1 _aТонеев
_bВ.Д.
_4070
801 1 _aRU
_bInfoComm
_c20041130
801 0 _aRU
_bNLR
_gPSBO
852 _aNLR
_jП11/2061
942 _cISSUE
980 _aNB
980 _aRUSPER